Introduction to physics / (Record no. 491)

MARC details
000 -LEADER
fixed length control field 00675nam a22002297a 4500
005 - DATE AND TIME OF LATEST TRANSACTION
control field 20250420134812.0
008 - FIXED-LENGTH DATA ELEMENTS--GENERAL INFORMATION
fixed length control field 200726b ||||| |||| 00| 0 eng d
020 ## - INTERNATIONAL STANDARD BOOK NUMBER
International Standard Book Number 9781118651520
040 ## - CATALOGING SOURCE
Transcribing agency KCST
082 ## - DEWEY DECIMAL CLASSIFICATION NUMBER
Classification number 530
Item number Cu In
100 ## - MAIN ENTRY--PERSONAL NAME
Personal name Cutnell, John D.
9 (RLIN) 4690
245 ## - TITLE STATEMENT
Title Introduction to physics /
Statement of responsibility, etc. John D. Cutnell, Kenneth W. Johnson, David Young, Shane Stadler.
250 ## - EDITION STATEMENT
Edition statement 10th edition
Remainder of edition statement Int. student version
260 ## - PUBLICATION, DISTRIBUTION, ETC.
Place of publication, distribution, etc. Hoboken :
Name of publisher, distributor, etc. John Wiley & Sons;
Date of publication, distribution, etc. 2015.
300 ## - PHYSICAL DESCRIPTION
Extent xv, 836 p.
650 ## - SUBJECT ADDED ENTRY--TOPICAL TERM
Topical term or geographic name entry element Physics.
9 (RLIN) 3
700 ## - ADDED ENTRY--PERSONAL NAME
Personal name Johnson, Kenneth W.
9 (RLIN) 4691
700 ## - ADDED ENTRY--PERSONAL NAME
Personal name Young, David
9 (RLIN) 4692
700 ## - ADDED ENTRY--PERSONAL NAME
Personal name Stadler, Shane
9 (RLIN) 4693
942 ## - ADDED ENTRY ELEMENTS (KOHA)
Koha item type Book
942 ## - ADDED ENTRY ELEMENTS (KOHA)
Source of classification or shelving scheme Dewey Decimal Classification
Holdings
Withdrawn status Lost status Source of classification or shelving scheme Damaged status Not for loan Home library Current library Date acquired Cost, normal purchase price Total checkouts Full call number Barcode Date last seen Price effective from Koha item type
    Dewey Decimal Classification     KCST Library KCST Library 26/07/2020 18.11   530 Cu In 1000000725 26/07/2020 26/07/2020 Book
© 2025 KCST. All rights reserved